Realita a výzvy rodovej rovnosti na Slovensku

Gespeichert in:
Bibliographische Detailangaben
1. Verfasser: Porubänová, Sylvia
Format: Buch
Sprache:Slowakisch
Veröffentlicht: Bratislava Friedrich Ebert Stiftung 2005
Schlagworte:
Tags: Tag hinzufügen
Keine Tags, Fügen Sie das erste Tag hinzu!

MARC

LEADER 00000nam$a2200000$$$4500
001 0037928
005 20240314091329.5
020 |a 80-89149-07-3 
041 0 |a slo 
044 |a SK 
245 1 0 |a Realita a výzvy rodovej rovnosti na Slovensku  |c Sylvia Porubänová 
264 1 |a Bratislava  |b Friedrich Ebert Stiftung  |c 2005 
300 |a 24 s. 
610 2 0 |a muži 
610 2 0 |a ženy 
610 2 0 |a rovnoprávnosť 
610 2 0 |a vývoj spoločenský 
610 2 0 |a zamestnanie 
610 2 0 |a rodina 
610 2 0 |a mzdy 
610 2 0 |a kvalita života 
610 2 0 |a práva ľudské 
610 2 0 |a emancipácia 
610 2 0 |a Európa 
610 2 0 |a Slovensko 
100 1 |a Porubänová, Sylvia